000 00618nam a2200241Ia 4500
003 OSt
005 20220918202539.0
006 a|||||r|||| 00| 0
007 ta
008 220917b |||||||| |||| 00| 0 eng d
024 _a102,023
037 _cTextual
040 _aARTS
_cARTS
_beng
041 _2eng
_aeng
082 _aV22:73:D8, K8
100 _aBiddulph C H
_9104270
245 0 _aCoins of the Cholas
260 _c1968
490 _aNumismatic notes monographs ed by A Narain; 13
650 _aHISTORY
942 _hV22:73:D8, K8
_cTEXL
_2CC
999 _c225483
_d225483